Understanding India's economy. V 2 (Record no. 24737)

MARC details
000 -LEADER
fixed length control field 00295nam a2200109Ia 4500
082 ## - DEWEY DECIMAL CLASSIFICATION NUMBER
Classification number 336.1/.5(540)
Item number BHA
100 ## - MAIN ENTRY--AUTHOR NAME
Personal name BHATTACHARYYA, Dhires
245 #0 - TITLE STATEMENT
Title Understanding India's economy. V 2
260 ## - PUBLICATION, DISTRIBUTION, ETC. (IMPRINT)
Place of publication Calcutta
Name of publisher Progressive
Year of publication 1973
942 ## - ADDED ENTRY ELEMENTS (KOHA)
Koha item type Books
Holdings
Withdrawn status Lost status Damaged status Not for loan Home library Current library Date acquired Full call number Accession Number Koha item type
        RRII Library RRII Library 16/12/2021 336.1/.5(540) BHA 05409 Books